The European Union Digital Single Market : Europe's Digital Transformation.

Bibliographic Details
Main Author: Dąbrowski, Łukasz Dawid.
Other Authors: Suska, Magdalena.
Format: eBook
Language:English
Published: Milton : Taylor & Francis Group, 2022.
Edition:1st ed.
Series:Routledge Studies in the European Economy Series
Subjects:
Online Access:Click to View
LEADER 02326nam a22003973i 4500
001 EBC6894571
003 MiAaPQ
005 20231204023221.0
006 m o d |
007 cr cnu||||||||
008 231204s2022 xx o ||||0 eng d
020 |a 9781000588286  |q (electronic bk.) 
020 |z 9781032201597 
035 |a (MiAaPQ)EBC6894571 
035 |a (Au-PeEL)EBL6894571 
035 |a (OCoLC)1303082122 
040 |a MiAaPQ  |b eng  |e rda  |e pn  |c MiAaPQ  |d MiAaPQ 
100 1 |a Dąbrowski, Łukasz Dawid. 
245 1 4 |a The European Union Digital Single Market :  |b Europe's Digital Transformation. 
250 |a 1st ed. 
264 1 |a Milton :  |b Taylor & Francis Group,  |c 2022. 
264 4 |c {copy}2022. 
300 |a 1 online resource (175 pages) 
336 |a text  |b txt  |2 rdacontent 
337 |a computer  |b c  |2 rdamedia 
338 |a online resource  |b cr  |2 rdacarrier 
490 1 |a Routledge Studies in the European Economy Series 
505 0 |a Cover -- Half Title -- Series -- Title -- Copyright -- Contents -- List of illustrations -- List of contributors -- Introduction -- 1 EU's perspective on the functioning of giant online platforms in the digital economy -- 2 Freedom of speech in the age of digitalisation: opportunities and threats -- 3 E-commerce: the pillar of the digital economy -- 4 Smart metering systems: digitalisation of energy as an element of the implementation and improvement of the energy union and digital market -- 5 Proposal for an EU digital levy: challenges and possible implications -- 6 Impact of digital transformation on the European Union's labour market -- Summary and conclusions -- Index. 
588 |a Description based on publisher supplied metadata and other sources. 
590 |a Electronic reproduction. Ann Arbor, Michigan : ProQuest Ebook Central, 2023. Available via World Wide Web. Access may be limited to ProQuest Ebook Central affiliated libraries.  
655 4 |a Electronic books. 
700 1 |a Suska, Magdalena. 
776 0 8 |i Print version:  |a Dąbrowski, Łukasz Dawid  |t The European Union Digital Single Market  |d Milton : Taylor & Francis Group,c2022  |z 9781032201597 
797 2 |a ProQuest (Firm) 
830 0 |a Routledge Studies in the European Economy Series 
856 4 0 |u https://ebookcentral.proquest.com/lib/matrademy/detail.action?docID=6894571  |z Click to View